[Event "GER-ch U14"]
[Site "Willingen"]
[Date "2009.06.05"]
[Round "8"]
[White "Carow, Johannes"]
[Black "Paeltz, Sebastian"]
[Result "1-0"]
[WhiteElo "1805"]
[BlackElo "1830"]
[PlyCount "63"]
[EventDate "2009.05.30"]
[EventType "swiss"]
[EventRounds "9"]
[EventCountry "GER"]
[SourceTitle "EXT 2010"]
[Source "ChessBase"]
[SourceDate "2010.11.25"]
[SourceVersion "1"]
[SourceVersionDate "2010.11.25"]
[SourceQuality "1"]

1. d4 d5 2. c4 e6 3. Nc3 Nf6 4. cxd5 exd5 5. Bg5 Be7 6. e3 c6 7. Bd3 Nbd7 8. Qc2 0-0 9. Nge2 Re8 10. 0-0 Nf8 11. Rab1 a5 12. a3 Ng6 13. b4 Bd6 14. Ng3 h6 15. Bxf6 Qxf6 16. Na4 axb4 17. axb4 Nh4 18. Rfc1 Qg5 19. Nb6 Rb8 20. b5 f5 21. bxc6 f4 22. exf4 Bxf4 23. c7 Ra8 24. Nxa8 Bxc1 25. Rxc1 Qf6 26. Qb2 Re6 27. Qb4 Qf4 28. Re1 g6 29. Rxe6 Bxe6 30. Qe7 Qc1+ 31. Bf1 Qc6 32. Qxh4 1-0

[Event "GER-ch U14"]
[Site "Willingen"]
[Date "2009.05.31"]
[Round "2"]
[White "Paeltz, Sebastian"]
[Black "Klek, Hanna Marie"]
[Result "0-1"]
[WhiteElo "1830"]
[BlackElo "1992"]
[PlyCount "98"]
[EventDate "2009.05.30"]
[EventType "swiss"]
[EventRounds "9"]
[EventCountry "GER"]
[SourceTitle "EXT 2010"]
[Source "ChessBase"]
[SourceDate "2010.11.25"]
[SourceVersion "1"]
[SourceVersionDate "2010.11.25"]
[SourceQuality "1"]

1. e4 c5 2. c3 Nf6 3. e5 Nd5 4. d4 cxd4 5. Nf3 Nc6 6. cxd4 d6 7. Bc4 Nb6 8. Bb5 dxe5 9. Nxe5 Bd7 10. Bxc6 Bxc6 11. Nxc6 bxc6 12. 0-0 e6 13. Qf3 Nd5 14. Nc3 Qb6 15. Rd1 Be7 16. b3 0-0 17. Nxd5 cxd5 18. Bb2 a5 19. a4 Rab8 20. Rd3 Rfc8 21. Rc1 Bf6 22. Rxc8+ Rxc8 23. Rc3 Rb8 24. Rd3 h6 25. h3 Qa7 26. Qd1 Be7 27. Rc3 Rb7 28. Qc2 g6 29. Qd1 Kh7 30. Rc6 Qb8 31. Rc3 Kg7 32. Qc2 Bb4 33. Rc8 Qd6 34. Bc1 Kh7 35. g3 Qd7 36. Bf4 Bd6 37. Bxd6 Qxd6 38. Ra8 Rc7 39. Qd2 Qb6 40. Qxa5 Rc1+ 41. Kh2 Qxd4 42. Qa7 Qf6 43. Qe3 Rc3 44. Qe1 Rxb3 45. a5 Qf3 46. Rd8 Ra3 47. Rd6 Ra2 48. Kg1 Re2 49. Qf1 Rd2 0-1

[Event "Jena Schwarzer Baer op"]
[Site "Jena"]
[Date "2009.02.07"]
[Round "3"]
[White "Paeltz, Sebastian"]
[Black "Pruesse, Horst"]
[Result "1/2-1/2"]
[WhiteElo "1773"]
[BlackElo "2012"]
[PlyCount "85"]
[EventDate "2009.02.04"]
[EventType "swiss"]
[EventRounds "7"]
[EventCountry "GER"]
[SourceTitle "EXT 2010"]
[Source "ChessBase"]
[SourceDate "2010.11.25"]
[SourceVersion "1"]
[SourceVersionDate "2010.11.25"]
[SourceQuality "1"]

1. e4 c5 2. c3 Nf6 3. e5 Nd5 4. d4 cxd4 5. Nf3 Nc6 6. cxd4 d6 7. Bc4 Nb6 8. Bb5 a6 9. Bxc6+ bxc6 10. Qc2 Bb7 11. 0-0 Rc8 12. Nc3 c5 13. dxc5 Bxf3 14. cxb6 Bb7 15. Qa4+ Qd7 16. Qxd7+ Kxd7 17. Rd1 Ke6 18. exd6 exd6 19. Bf4 Rc4 20. Be3 Be7 21. Bd4 f6 22. Re1+ Kf7 23. Rad1 Rd8 24. Ne2 d5 25. Nf4 Bd6 26. b3 Rc2 27. Be3 Rxa2 28. g3 Be5 29. Bd4 Bxd4 30. Rxd4 Rd6 31. Rc1 Rxb6 32. Rc7+ Ke8 33. Rxg7 Rxb3 34. Rxh7 a5 35. h4 Rb1+ 36. Kg2 Rab2 37. h5 Rb4 38. Rxb4 Rxb4 39. h6 d4+ 40. Kh2 Be4 41. Ra7 d3 42. Nxd3 Bxd3 43. h7 1/2-1/2

[Event "Jena Schwarzer Baer op"]
[Site "Jena"]
[Date "2009.02.05"]
[Round "2"]
[White "Foerster, Soeren"]
[Black "Paeltz, Sebastian"]
[Result "1/2-1/2"]
[WhiteElo "2026"]
[BlackElo "1773"]
[PlyCount "86"]
[EventDate "2009.02.04"]
[EventType "swiss"]
[EventRounds "7"]
[EventCountry "GER"]
[SourceTitle "EXT 2010"]
[Source "ChessBase"]
[SourceDate "2010.11.25"]
[SourceVersion "1"]
[SourceVersionDate "2010.11.25"]
[SourceQuality "1"]

1. e4 e5 2. Nf3 Nc6 3. Bc4 Bc5 4. c3 Nf6 5. b4 Bb6 6. d3 d6 7. 0-0 h6 8. a4 a5 9. b5 Ne7 10. Nbd2 Ng6 11. Bb3 Be6 12. Nc4 Bxc4 13. Bxc4 Qe7 14. Qb3 Nd7 15. Qa2 Rf8 16. Kh1 0-0-0 17. Ng1 f5 18. exf5 Rxf5 19. Be6 Rf6 20. Bxd7+ Qxd7 21. Be3 d5 22. Bxb6 Rxb6 23. Nh3 Nh4 24. f3 Rg6 25. Rg1 Qf5 26. Qf2 Qf6 27. Rae1 Kb8 28. f4 exf4 29. Qxf4 Qxf4 30. Nxf4 Rg4 31. Rgf1 Rf8 32. g3 Ng6 33. Nxg6 Rxf1+ 34. Rxf1 Rxg6 35. Rf7 Rg4 36. d4 Re4 37. Rxg7 Re1+ 38. Kg2 Ra1 39. Rh7 Rxa4 40. Rxh6 Rc4 41. Rh8+ Ka7 42. Rf8 a4 43. Rf1 Rxc3 1/2-1/2

[Event "GER-chT U14"]
[Site "Verden"]
[Date "2008.12.29"]
[Round "5.1"]
[White "Winter, Philipp"]
[Black "Paeltz, Sebastian"]
[Result "1/2-1/2"]
[WhiteElo "1612"]
[BlackElo "1789"]
[PlyCount "58"]
[EventDate "2008.12.27"]
[EventType "team-swiss"]
[EventRounds "7"]
[EventCountry "GER"]
[SourceTitle "EXT 2010"]
[Source "ChessBase"]
[SourceDate "2010.11.25"]
[SourceVersion "1"]
[SourceVersionDate "2010.11.25"]
[SourceQuality "1"]
[WhiteTeam "Heitersheim"]
[BlackTeam "Jena"]
[WhiteTeamCountry "GER"]
[BlackTeamCountry "GER"]

1. e4 e5 2. Nf3 Nc6 3. Bc4 Bc5 4. 0-0 d6 5. h3 Be6 6. Bxe6 fxe6 7. d3 h6 8. Nc3 Nf6 9. Be3 Bb6 10. Bxb6 axb6 11. a3 Qd7 12. Qd2 g5 13. Nh2 Qg7 14. g3 Rf8 15. Nb5 Qd7 16. Kg2 d5 17. f3 dxe4 18. fxe4 Na5 19. Nc3 0-0-0 20. Qe3 Nc6 21. Rf2 Nd4 22. Raf1 Qg7 23. Nb1 Nh5 24. c3 Rxf2+ 25. Rxf2 Nb3 26. Qf3 Qg6 27. Ng4 Qg7 28. Nh2 Qg6 29. Ng4 Qg7 1/2-1/2

[Event "GER-chT Lands U20"]
[Site "Dresden"]
[Date "2008.11.15"]
[Round "3.5"]
[White "Paeltz, Sebastian"]
[Black "Nguyen Minh, Thuy"]
[Result "1/2-1/2"]
[WhiteElo "1676"]
[BlackElo "1860"]
[PlyCount "70"]
[EventDate "2008.11.14"]
[EventType "team-swiss"]
[EventRounds "7"]
[EventCountry "GER"]
[SourceTitle "EXT 2010"]
[Source "ChessBase"]
[SourceDate "2010.11.25"]
[SourceVersion "1"]
[SourceVersionDate "2010.11.25"]
[SourceQuality "1"]
[WhiteTeam "Thueringen"]
[BlackTeam "Sachsen"]
[WhiteTeamCountry "GER"]
[BlackTeamCountry "GER"]

1. e4 c5 2. c3 Nf6 3. e5 Nd5 4. d4 cxd4 5. Nf3 Nc6 6. cxd4 e6 7. Bc4 d6 8. 0-0 Be7 9. Bd2 0-0 10. Nc3 Nb6 11. Bb3 dxe5 12. dxe5 Nd7 13. Re1 a6 14. a3 Nc5 15. Bc2 Nd3 16. Re3 Nf4 17. Ne2 Ng6 18. Rc1 Qb6 19. Rb3 Qd8 20. Nf4 Nxf4 21. Bxf4 Qxd1+ 22. Rxd1 Rb8 23. Be4 Na5 24. Rc3 b5 25. Be3 Bb7 26. Bxb7 Rxb7 27. Nd2 Rd7 28. Rdc1 f6 29. f4 fxe5 30. fxe5 Rf5 31. b4 Nc4 32. Nxc4 bxc4 33. Rxc4 Rxe5 34. Bf4 Re2 35. Rc6 e5 1/2-1/2

[Event "GER-ch U12"]
[Site "Willingen"]
[Date "2007.05.26"]
[Round "1"]
[White "Tran, My Linh"]
[Black "Paeltz, Sebastian"]
[Result "0-1"]
[WhiteElo "996"]
[BlackElo "1798"]
[PlyCount "112"]
[EventDate "2007.05.26"]
[EventType "swiss"]
[EventRounds "11"]
[EventCountry "GER"]
[SourceTitle "CBM 118 Extra"]
[Source "ChessBase"]
[SourceDate "2007.07.04"]
[SourceVersion "1"]
[SourceVersionDate "2007.07.04"]
[SourceQuality "1"]

1. e4 e5 2. Nf3 Nc6 3. Bb5 a6 4. Bxc6 dxc6 5. d3 Bd6 6. h3 h6 7. b3 Ne7 8. Bb2 Ng6 9. Nbd2 Nf4 10. 0-0 Qf6 11. Nh2 Qg5 12. g3 Bxh3 13. Ndf3 Qg6 14. Nh4 Qh5 15. Qxh5 Nxh5 16. Rfe1 0-0-0 17. Bc3 Rde8 18. N4f3 g5 19. g4 Nf6 20. Nd2 Nxg4 21. Nxg4 Bxg4 22. f3 Bh5 23. Kf2 Bc5+ 24. Ke2 f6 25. b4 Ba7 26. a4 Rhg8 27. Rh1 Bg6 28. Rxh6 Re6 29. Nc4 Be8 30. Rg1 Bxg1 31. Bd2 Ba7 32. Ne3 Bg6 33. Ng4 Kd7 34. c4 Bd4 35. Be3 Bxe3 36. Kxe3 f5 37. exf5 Bxf5 38. Nf6+ Rxf6 39. Rxf6 Be6 40. Ke4 Re8 41. Rg6 Rg8 42. Rf6 g4 43. fxg4 Rxg4+ 44. Kxe5 Rg5+ 45. Kd4 Ke7 46. Rf3 Rg1 47. Kc3 Ra1 48. a5 b6 49. axb6 cxb6 50. Re3 Kd6 51. Rg3 Rb1 52. Rg6 a5 53. Kc2 Rxb4 54. Rg1 c5 55. Rd1 b5 56. cxb5 Bb3+ 0-1

[Event "Muehlhaeusen op"]
[Site "Muehlhausen"]
[Date "2007.05.19"]
[Round "5.18"]
[White "Paeltz, Sebastian"]
[Black "Gitter, Alfred"]
[Result "0-1"]
[WhiteElo "1798"]
[BlackElo "1820"]
[PlyCount "74"]
[EventDate "2007.05.16"]
[EventType "swiss"]
[EventRounds "7"]
[EventCountry "GER"]
[SourceTitle "CBM 118 Extra"]
[Source "ChessBase"]
[SourceDate "2007.07.04"]
[SourceVersion "1"]
[SourceVersionDate "2007.07.04"]
[SourceQuality "1"]

1. e4 d5 2. exd5 Qxd5 3. Nc3 Qa5 4. d4 e5 5. Nf3 Bg4 6. dxe5 Nc6 7. Bb5 Bb4 8. Bxc6+ bxc6 9. Bd2 Rd8 10. Qe2 Ne7 11. a3 Nf5 12. e6 0-0 13. Qe4 Bxf3 14. gxf3 Nd4 15. 0-0 f5 16. Qf4 Bd6 17. b4 Bxf4 18. bxa5 Bxd2 19. e7 Bxc3 20. exd8Q Rxd8 21. Rad1 Rd6 22. Rd3 c5 23. Kg2 Bxa5 24. Rfd1 Nxc2 25. Rxd6 cxd6 26. Rxd6 Nxa3 27. Rd5 Bb4 28. Kf1 a5 29. Ke2 Nc2 30. Kd3 Nd4 31. f4 g6 32. Rd8+ Kg7 33. Ra8 Kh6 34. Ra7 Ne6 35. Ke3 c4 36. Ra6 Nc5 37. Rc6 c3 0-1

[Event "Muehlhaeusen op"]
[Site "Muehlhausen"]
[Date "2007.05.17"]
[Round "3.16"]
[White "Paeltz, Sebastian"]
[Black "Wuestehube, Harry"]
[Result "0-1"]
[WhiteElo "1798"]
[BlackElo "1993"]
[PlyCount "80"]
[EventDate "2007.05.16"]
[EventType "swiss"]
[EventRounds "7"]
[EventCountry "GER"]
[SourceTitle "CBM 118 Extra"]
[Source "ChessBase"]
[SourceDate "2007.07.04"]
[SourceVersion "1"]
[SourceVersionDate "2007.07.04"]
[SourceQuality "1"]

1. e4 e5 2. Nf3 Nc6 3. Bb5 a6 4. Ba4 Nf6 5. 0-0 b5 6. Bb3 Be7 7. Re1 d6 8. h3 Na5 9. c3 Nxb3 10. Qxb3 c5 11. d3 0-0 12. Bg5 Nh5 13. Bxe7 Qxe7 14. d4 Nf4 15. Nbd2 Bb7 16. d5 f5 17. Rad1 fxe4 18. Nxe4 Nxh3+ 19. Kh2 Nf4 20. Neg5 c4 21. Qc2 Nd3 22. Rxd3 cxd3 23. Qxd3 g6 24. Re4 Rf4 25. Rxf4 exf4 26. Qd4 Rf8 27. Ne6 Rf5 28. Nxf4 Qf7 29. Ne6 Rxd5 30. Qb6 Qxe6 31. Qxb7 Rh5+ 32. Kg1 Qxa2 33. Qb8+ Kg7 34. Qb7+ Kh6 35. Qe7 Qb1+ 36. Ne1 Rf5 37. g4 Re5 38. Qf8+ Kg5 39. f4+ Kxg4 40. fxe5 Qxe1+ 0-1

[Event "GER-chT U12"]
[Site "Verden an der Aller"]
[Date "2006.12.29"]
[Round "6.2"]
[White "Paeltz, Sebastian"]
[Black "Konow, Philipp"]
[Result "1-0"]
[WhiteElo "1473"]
[BlackElo "1723"]
[PlyCount "51"]
[EventDate "2006.12.27"]
[EventType "team-swiss"]
[EventRounds "7"]
[EventCountry "GER"]
[SourceTitle "EXT 2008"]
[Source "ChessBase"]
[SourceDate "2007.11.25"]
[SourceVersion "1"]
[SourceVersionDate "2007.11.25"]
[SourceQuality "1"]
[WhiteTeam "Jena SK Koenigskinder U12"]
[BlackTeam "Stader SV U12"]
[WhiteTeamCountry "GER"]
[BlackTeamCountry "GER"]

1. e4 c5 2. c3 d5 3. exd5 Qxd5 4. d4 Nf6 5. Nf3 Bg4 6. Be2 e6 7. h3 Bh5 8. 0-0 Nc6 9. Be3 cxd4 10. cxd4 Bb4 11. a3 Qa5 12. Qb3 Nd5 13. axb4 Qb6 14. b5 Na5 15. Qa4 e5 16. Qxa5 Qxa5 17. Rxa5 e4 18. g4 exf3 19. Bxf3 Nxe3 20. fxe3 Bg6 21. Bxb7 Rb8 22. Bc6+ Kd8 23. Rxa7 Bd3 24. Rfxf7 Bxb1 25. Rfd7+ Ke8 26. Rdb7+ 1-0

[Event "GER-chT U12"]
[Site "Verden an der Aller"]
[Date "2006.12.28"]
[Round "3.2"]
[White "Osmanodja, Bilgin"]
[Black "Paeltz, Sebastian"]
[Result "1-0"]
[WhiteElo "1655"]
[BlackElo "1473"]
[PlyCount "85"]
[EventDate "2006.12.27"]
[EventType "team-swiss"]
[EventRounds "7"]
[EventCountry "GER"]
[SourceTitle "EXT 2008"]
[Source "ChessBase"]
[SourceDate "2007.11.25"]
[SourceVersion "1"]
[SourceVersionDate "2007.11.25"]
[SourceQuality "1"]
[WhiteTeam "Dresden USV TU U12"]
[BlackTeam "Jena SK Koenigskinder U12"]
[WhiteTeamCountry "GER"]
[BlackTeamCountry "GER"]

1. e4 e5 2. Nf3 Nc6 3. Bb5 a6 4. Ba4 Nf6 5. 0-0 Be7 6. Re1 b5 7. Bb3 0-0 8. c3 d6 9. d4 Bg4 10. d5 Na5 11. Nbd2 Qd7 12. a4 Rfb8 13. h3 Bh5 14. Bc2 c5 15. b4 cxb4 16. cxb4 Nc4 17. a5 Rc8 18. Nf1 h6 19. Ng3 Rc7 20. Bd3 Bg6 21. Nh4 Bh7 22. Nhf5 Bxf5 23. Nxf5 Bf8 24. Qf3 Qd8 25. Qg3 Kh7 26. Be2 g6 27. Ne3 Nxe4 28. Qf3 Ng5 29. Qg3 Nxe3 30. Bxe3 Qf6 31. Qg4 Be7 32. h4 Nh3+ 33. Qxh3 Qxh4 34. Qxh4 Bxh4 35. Rec1 Rac8 36. Rxc7 Rxc7 37. Rc1 Rxc1+ 38. Bxc1 f5 39. Be3 Be7 40. g3 Kg7 41. Kg2 Kf6 42. Bxh6 g5 43. f4 1-0

[Event "GER-chT U12"]
[Site "Verden an der Aller"]
[Date "2006.12.27"]
[Round "2.2"]
[White "Paeltz, Sebastian"]
[Black "Tscheuschner, Georg"]
[Result "1-0"]
[WhiteElo "1473"]
[BlackElo "1451"]
[PlyCount "179"]
[EventDate "2006.12.27"]
[EventType "team-swiss"]
[EventRounds "7"]
[EventCountry "GER"]
[SourceTitle "EXT 2008"]
[Source "ChessBase"]
[SourceDate "2007.11.25"]
[SourceVersion "1"]
[SourceVersionDate "2007.11.25"]
[SourceQuality "1"]
[WhiteTeam "Jena SK Koenigskinder U12"]
[BlackTeam "Berlin GW Baumschulenweg U12"]
[WhiteTeamCountry "GER"]
[BlackTeamCountry "GER"]

1. e4 c5 2. c3 d6 3. d4 cxd4 4. cxd4 Nf6 5. Nc3 e6 6. Bg5 Be7 7. Nf3 Nc6 8. Bb5 a6 9. Ba4 b5 10. Bb3 Bb7 11. a3 0-0 12. 0-0 Nd7 13. Bxe7 Nxe7 14. Ng5 d5 15. exd5 exd5 16. Qd3 Ng6 17. h4 Nf6 18. Bc2 Qd7 19. f3 Nh5 20. g4 Nhf4 21. Qe3 Rfe8 22. Qd2 Ne6 23. h5 Nxg5 24. Qxg5 h6 25. Qd2 Nf8 26. Rf2 Ne6 27. Bf5 Qd6 28. Bxe6 Rxe6 29. Rg2 Rae8 30. g5 Kh7 31. Qd3+ Kh8 32. Qf5 Qd7 33. Qg4 Re1+ 34. Rxe1 Rxe1+ 35. Kf2 Qxg4 36. Rxg4 Re6 37. gxh6 Rxh6 38. Rg5 Rd6 39. Rf5 Kg8 40. Kg3 g6 41. hxg6 fxg6 42. Rg5 Kf7 43. Kf4 Kf6 44. Kg4 Bc8+ 45. Kf4 Bf5 46. Rg2 Be6 47. Rg1 Rd7 48. Rg5 Rh7 49. Nxd5+ Bxd5 50. Rxd5 Rh2 51. b4 Ra2 52. Rd6+ Kf7 53. Rxa6 Rd2 54. Ke3 Ra2 55. d5 Ke7 56. f4 Kd7 57. Kd4 Rd2+ 58. Ke5 Ke7 59. Rxg6 Re2+ 60. Kd4 Rf2 61. Ke3 Rc2 62. Rc6 Ra2 63. Ra6 Rh2 64. Ke4 Rh5 65. a4 bxa4 66. Rxa4 Kd6 67. Ra6+ Kc7 68. b5 Rh1 69. Ke5 Kd8 70. Ra7 Rb1 71. Kd6 Kc8 72. Kc6 Rc1+ 73. Kd6 Rf1 74. Rc7+ Kb8 75. Rf7 Kc8 76. b6 Rb1 77. Rc7+ Kb8 78. Rc6 Kb7 79. f5 Re1 80. f6 Rf1 81. Ke7 Re1+ 82. Kd7 Rf1 83. Ke6 Re1+ 84. Kd6 Rf1 85. Ke7 Re1+ 86. Kf8 Rf1 87. f7 Re1 88. Kg7 Rg1+ 89. Rg6 Rxg6+ 90. Kxg6 1-0

[Event "GER-chT U12"]
[Site "Verden"]
[Date "2005.12.30"]
[Round "7.4"]
[White "Choufatinski, Dimitri"]
[Black "Paeltz, Sebastian"]
[Result "0-1"]
[WhiteElo "1104"]
[BlackElo "1346"]
[PlyCount "100"]
[EventDate "2005.12.27"]
[EventType "team-swiss"]
[EventRounds "7"]
[EventCountry "GER"]
[SourceTitle "CBM 110 Extra"]
[Source "ChessBase"]
[SourceDate "2006.03.10"]
[SourceVersion "2"]
[SourceVersionDate "2006.03.10"]
[SourceQuality "1"]

1. e4 e5 2. Nf3 Nc6 3. d4 exd4 4. Nxd4 Bc5 5. Be3 Qf6 6. c3 Nge7 7. Bc4 Ne5 8. Bb3 Qg6 9. 0-0 Qxe4 10. Nd2 Qg6 11. Bc2 Qb6 12. Rb1 Nd5 13. N2b3 0-0 14. Bxh7+ Kxh7 15. Qh5+ Kg8 16. Qxe5 Nxe3 17. Qxe3 Bd6 18. Qe2 c6 19. Qh5 Bb8 20. Nf3 d5 21. Ng5 Bf5 22. Nd4 Bg6 23. Qh3 Bf4 24. Ndf3 Qd8 25. Nxf7 Rxf7 26. Rbd1 Bf5 27. Qh4 Qxh4 28. Nxh4 Bh7 29. Rde1 Bd3 30. Ng6 Bxf1 31. Rxf1 Bg5 32. f4 Kh7 33. f5 Re8 34. h4 Be3+ 35. Kh2 Re4 36. Kg3 Bc5 37. a3 Bd6+ 38. Nf4 Bxf4+ 39. Rxf4 Rxf4 40. Kxf4 g6 41. g4 gxf5 42. gxf5 Kh6 43. Kg4 c5 44. Kf4 Kh5 45. Ke5 Kxh4 46. Ke6 Rf8 47. f6 d4 48. cxd4 cxd4 49. Ke7 Rxf6 50. Kxf6 d3 0-1

[Event "GER-chT U12"]
[Site "Verden"]
[Date "2005.12.29"]
[Round "5.4"]
[White "Paeltz, Sebastian"]
[Black "Gisy, Roberto"]
[Result "1-0"]
[WhiteElo "1346"]
[BlackElo "1422"]
[PlyCount "103"]
[EventDate "2005.12.27"]
[EventType "team-swiss"]
[EventRounds "7"]
[EventCountry "GER"]
[SourceTitle "CBM 110 Extra"]
[Source "ChessBase"]
[SourceDate "2006.03.10"]
[SourceVersion "2"]
[SourceVersionDate "2006.03.10"]
[SourceQuality "1"]

1. e4 e5 2. Nf3 Nc6 3. Bb5 a6 4. Ba4 Nf6 5. 0-0 Be7 6. Re1 b5 7. Bb3 0-0 8. h3 d6 9. c3 Na5 10. Bc2 c5 11. d4 Qc7 12. d5 Bd7 13. a4 Rfb8 14. Ra2 Nc4 15. b3 Nb6 16. a5 Nc8 17. Nbd2 Na7 18. Nf1 Rf8 19. Ng3 Qc8 20. Be3 Ne8 21. b4 c4 22. Bb6 Bd8 23. Qe2 Qb7 24. Rea1 Bxb6 25. axb6 Nc8 26. Qe3 Nxb6 27. Nh4 Kh8 28. Qf3 Bc8 29. Kh1 Qe7 30. Nhf5 Qf6 31. Nh5 Qd8 32. Nhg3 Bb7 33. Qe3 Nc8 34. Kg1 Ne7 35. Nh4 Nxd5 36. exd5 Qxh4 37. Nf5 Qf6 38. Qe4 Nc7 39. Nxd6 g6 40. Nxb7 Rab8 41. Nc5 Rbd8 42. Rd1 Qe7 43. Nxa6 f5 44. Qe3 Nxd5 45. Qe1 Nf4 46. Ra5 Qg5 47. Qxe5+ Kg8 48. g3 Nxh3+ 49. Kg2 Rde8 50. Qd5+ Rf7 51. Kxh3 f4 52. Qxg5 1-0

[Event "GER-ch U10"]
[Site "Willingen"]
[Date "2005.05.20"]
[Round "10"]
[White "Schmitt, Katrin"]
[Black "Paeltz, Sebastian"]
[Result "1-0"]
[WhiteElo "1398"]
[BlackElo "1196"]
[PlyCount "89"]
[EventDate "2005.05.14"]
[EventType "swiss"]
[EventRounds "11"]
[EventCountry "GER"]
[SourceTitle "CBM 106 Extra"]
[Source "ChessBase"]
[SourceDate "2005.07.01"]
[SourceVersion "1"]
[SourceVersionDate "2005.07.01"]
[SourceQuality "1"]

1. e4 d5 2. exd5 Qxd5 3. Nc3 Qa5 4. d4 c6 5. Nf3 Nf6 6. Bc4 Bg4 7. 0-0 e6 8. a3 Bd6 9. Be3 Qc7 10. h3 Bh5 11. Be2 Nbd7 12. Qd3 Bg6 13. Qd2 Nd5 14. Nxd5 cxd5 15. Rfe1 Bxc2 16. Rac1 Rc8 17. Bd3 0-0 18. Rxc2 Qb8 19. Rec1 Rxc2 20. Rxc2 Rc8 21. Rxc8+ Qxc8 22. Qc2 Qxc2 23. Bxc2 Nb6 24. Kf1 Nc4 25. Bc1 h6 26. Bb3 Na5 27. Bc2 Nc6 28. Ke2 b5 29. b4 Kf8 30. Bd3 a6 31. Be3 Ke7 32. Nd2 Bc7 33. Nb3 Bb6 34. Nc5 Nb8 35. g4 f6 36. Bf4 Bxc5 37. bxc5 Nc6 38. Be3 Kf7 39. Kd2 e5 40. Kc3 exd4+ 41. Bxd4 Nxd4 42. Kxd4 Ke6 43. Bf5+ Kf7 44. Kxd5 g6 45. Be6+ 1-0